000 00795nam a2200217Ii 4500
003 JO-AjNU
008 230605s9999||||xx |||||||||||||| ||und||
017 _a23075
020 _a977-358-164-0
040 _aJO-AjNU
_bara
_erda
_cJO-AjNU
041 _aara
050 1 4 _aHF5438.4.S5812.2008
100 3 _aشوارتز،ماتثيو؛ترجمة: عبدالحكم احمد الخزامى,
_eauthor
_932235
245 0 0 _aاساسيات ادارة المبيعات:تنمية مهارات مدير المبيعات الجديد
264 3 1 _aالقاهرة:دار الفجر للنشر والتوزيع؛2008
300 _a317ص
336 _atext
_btxt
_2rdacontent
337 _aunmediated
_bn
_2rdamedia
338 _avolume
_bnc
_2rdacarrier
650 4 _aادارة المبيعات
_932236
999 _aA12988
_c16556
_d16556